Building on brownfield sites (Record no. 103412)

MARC details
000 -LEADER
fixed length control field 01163cam a2200289 4500
008 - FIXED-LENGTH DATA ELEMENTS--GENERAL INFORMATION
fixed length control field 040319n2003 000 0 eng u
020 ## - INTERNATIONAL STANDARD BOOK NUMBER
International Standard Book Number 1860816703
035 ## - SYSTEM CONTROL NUMBER
System control number (Sirsi) u125493
041 ## - LANGUAGE CODE
Language code of text/sound track or separate title eng
050 ## - LIBRARY OF CONGRESS CALL NUMBER
Classification number 333.73
-- 18
100 ## - MAIN ENTRY--PERSONAL NAME
Personal name Charles, J. A.
110 ## - MAIN ENTRY--CORPORATE NAME
Corporate name or jurisdiction name as entry element Building Research Establishment
245 ## - TITLE STATEMENT
Title Building on brownfield sites
Remainder of title identifying the hazards
260 ## - PUBLICATION, DISTRIBUTION, ETC.
Place of publication, distribution, etc. Watford
Name of publisher, distributor, etc. BRE
Date of publication, distribution, etc. 2003
300 ## - PHYSICAL DESCRIPTION
Extent 8p.
Dimensions 30cm.
490 ## - SERIES STATEMENT
Series statement BRE Good Building Guide
Volume/sequential designation GBG59 Part 1
520 ## - SUMMARY, ETC.
Summary, etc. Part 1 of this Good Building Guide describes the hazards commonly encountered on brownfield land. It discusses the significance of these hazards for housing developments and the ways in which they can be managed and, where necessary, reduced. it also indicates the different regulations that can impact on the development of brownfield sites.
650 ## - SUBJECT ADDED ENTRY--TOPICAL TERM
Topical term or geographic name entry element BROWNFIELD LAND
650 ## - SUBJECT ADDED ENTRY--TOPICAL TERM
Topical term or geographic name entry element GAS WORKS
650 ## - SUBJECT ADDED ENTRY--TOPICAL TERM
Topical term or geographic name entry element SCRAPYARD
650 ## - SUBJECT ADDED ENTRY--TOPICAL TERM
Topical term or geographic name entry element LANDFILL SITES
650 ## - SUBJECT ADDED ENTRY--TOPICAL TERM
Topical term or geographic name entry element COLLIERY SPOIL
650 ## - SUBJECT ADDED ENTRY--TOPICAL TERM
Topical term or geographic name entry element CONTAMINATED LANDS
690 ## - LOCAL SUBJECT ADDED ENTRY--TOPICAL TERM (OCLC, RLIN)
Topical term or geographic name as entry element BUILT ENVIRONMENT-SUSTAINABLE CONSTRUCTION
710 ## - ADDED ENTRY--CORPORATE NAME
Corporate name or jurisdiction name as entry element United Kingdom
Subordinate unit Department of Trade and Industry
942 ## - ADDED ENTRY ELEMENTS (KOHA)
Suppress in OPAC 0
Holdings
Withdrawn status Lost status Source of classification or shelving scheme Damaged status Not for loan Home library Current library Shelving location Date acquired Total Checkouts Full call number Barcode Date last seen Date last checked out Copy number Price effective from Koha item type
    Dewey Decimal Classification     London London BRE publications 25/03/2004 4 ENQUIRY DESK 30069072 06/08/2019 13/10/2015 1 06/08/2019 Book